000 00478nam a22001577a 4500
005 20251108163330.0
008 250721s1993 xx 000 0 ara d
082 1 4 _a001.42/قند
100 1 _aقندلجي، عامر إبراهيم
245 1 0 _aالبحث العلمي و إستخدام مصادر المعومات /
264 1 _aبغداد :
_bالجامعة المستنصريه،
_c1993.
300 _a299ص.
650 1 7 _aالأبحاث
942 _2ddc
_cBK
999 _c54
_d54